[Event "Hofheim Spring op-B 3rd"]
[Site "Hofheim"]
[Date "2015.04.10"]
[Round "6"]
[White "Sevall, Jacob Cameron"]
[Black "John, Volkmar"]
[Result "1-0"]
[WhiteElo "1883"]
[BlackElo "1505"]
[PlyCount "50"]
[EventDate "2015.04.07"]
[EventType "swiss"]
[EventRounds "9"]
[EventCountry "GER"]
[SourceTitle "CBM 166 Extra"]
[Source "ChessBase"]
[SourceDate "2015.06.18"]
[SourceVersion "1"]
[SourceVersionDate "2015.06.18"]
[SourceQuality "1"]

1. e4 c5 2. Nf3 d6 3. d4 cxd4 4. Nxd4 Nf6 5. Nc3 a6 6. Bc4 Qc7 7. Bb3 e6 8. Be3 Be7 9. 0-0 Nc6 10. f4 Nxd4 11. Bxd4 b5 12. e5 Nd7 13. exd6 Bxd6 14. Qg4 Bc5 15. Qxg7 Bxd4+ 16. Qxd4 Qc5 17. Rad1 Bb7 18. Qxc5 Nxc5 19. f5 Rg8 20. g3 Nxb3 21. fxe6 fxe6 22. axb3 Rd8 23. Rxd8+ Kxd8 24. Rf7 Kc8 25. Rxh7 Rd8 1-0

[Event "Leipzig VfB op 22nd"]
[Site "Leipzig"]
[Date "2015.03.05"]
[Round "4"]
[White "Randt, Karl Heinz"]
[Black "Sevall, Jacob Cameron"]
[Result "0-1"]
[WhiteElo "1928"]
[BlackElo "1560"]
[PlyCount "50"]
[EventDate "2015.03.03"]
[EventType "swiss"]
[EventRounds "9"]
[EventCountry "GER"]
[SourceTitle "EXT 2016"]
[Source "ChessBase"]
[SourceDate "2015.10.08"]
[SourceVersion "1"]
[SourceVersionDate "2015.10.08"]
[SourceQuality "1"]

1. e4 e6 2. d4 d5 3. Nc3 Bb4 4. a3 Bxc3+ 5. bxc3 dxe4 6. Qg4 Nf6 7. Qxg7 Rg8 8. Qh6 Rg6 9. Qh4 Nbd7 10. Ne2 c5 11. g3 Qa5 12. Bd2 Rg4 13. Qh6 Rg6 14. Qf4 e5 15. dxe5 Ng4 16. Qxe4 Ndxe5 17. Nf4 Bd7 18. c4 Qa4 19. Bd3 0-0-0 20. 0-0 Bc6 21. Qf5+ Kb8 22. Nd5 Rf6 23. Qh5 Rxd5 24. cxd5 Bxd5 25. f4 Qd4+ 0-1

[Event "Leipzig VfB op 22nd"]
[Site "Leipzig"]
[Date "2015.03.05"]
[Round "5"]
[White "Schaetz, Christopher"]
[Black "Sevall, Jacob Cameron"]
[Result "1/2-1/2"]
[WhiteElo "2016"]
[BlackElo "1560"]
[PlyCount "100"]
[EventDate "2015.03.03"]
[EventType "swiss"]
[EventRounds "9"]
[EventCountry "GER"]
[SourceTitle "EXT 2016"]
[Source "ChessBase"]
[SourceDate "2015.10.08"]
[SourceVersion "1"]
[SourceVersionDate "2015.10.08"]
[SourceQuality "1"]

1. e4 e6 2. d4 d5 3. Nc3 c5 4. Nf3 Nc6 5. Bb5 cxd4 6. Nxd4 Bd7 7. exd5 exd5 8. Nxd5 Bc5 9. Bxc6 bxc6 10. Nc3 Qf6 11. Be3 Qg6 12. Qf3 Ne7 13. 0-0-0 Bg4 14. Qe4 Bxd1 15. Rxd1 0-0 16. Qxg6 hxg6 17. Ne4 Bb6 18. c4 Rad8 19. c5 Bc7 20. Bg5 f6 21. Ne6 Rxd1+ 22. Kxd1 fxg5 23. Nxc7 Rf5 24. h3 Re5 25. f3 Nd5 26. Nxd5 Rxd5+ 27. Kc2 Kf7 28. b4 Ke6 29. a4 a6 30. Kc3 Kf5 31. b5 cxb5 32. axb5 axb5 33. Kb4 Ke6 34. Kxb5 Kd7 35. Kb6 Rd1 36. c6+ Kc8 37. Nxg5 Rb1+ 38. Kc5 Rc1+ 39. Kd6 Rd1+ 40. Ke6 Kc7 41. Kf7 Kxc6 42. Kxg6 Rd7 43. Nf7 Kd5 44. f4 Ke4 45. f5 Kf4 46. g4 Rd3 47. Kxg7 Rxh3 48. f6 Kxg4 49. Ne5+ Kf5 50. f7 Rg3+ 1/2-1/2

[Event "Karl Mala Memorial op-B 17th"]
[Site "Frankfurt"]
[Date "2014.08.03"]
[Round "6"]
[White "Sevall, Jacob Cameron"]
[Black "Winter, Thomas"]
[Result "1-0"]
[WhiteElo "1407"]
[BlackElo "1131"]
[PlyCount "41"]
[EventDate "2014.07.31"]
[EventType "swiss"]
[EventRounds "7"]
[EventCountry "GER"]
[SourceTitle "EXT 2015"]
[Source "ChessBase"]
[SourceDate "2014.11.20"]
[SourceVersion "1"]
[SourceVersionDate "2014.11.20"]
[SourceQuality "1"]

1. e4 d6 2. d4 Nf6 3. Nc3 e5 4. dxe5 dxe5 5. Qxd8+ Kxd8 6. Nf3 Bd6 7. Bg5 Be6 8. 0-0-0 a6 9. Nxe5 Ke8 10. Nf3 Nfd7 11. Nd4 Bg4 12. f3 Bh5 13. Nf5 Bf8 14. Nd5 f6 15. Bf4 g5 16. Nxc7+ Kf7 17. Bc4+ Kg6 18. Nd6 Bxd6 19. Bxd6 Nc6 20. Nxa8 Rxa8 21. g4 1-0

[Event "Karl Mala Memorial op-B 17th"]
[Site "Frankfurt"]
[Date "2014.08.02"]
[Round "5"]
[White "Dittrich, Hans Georg"]
[Black "Sevall, Jacob Cameron"]
[Result "1-0"]
[WhiteElo "1728"]
[BlackElo "1407"]
[PlyCount "113"]
[EventDate "2014.07.31"]
[EventType "swiss"]
[EventRounds "7"]
[EventCountry "GER"]
[SourceTitle "EXT 2015"]
[Source "ChessBase"]
[SourceDate "2014.11.20"]
[SourceVersion "1"]
[SourceVersionDate "2014.11.20"]
[SourceQuality "1"]

1. d4 Nf6 2. g3 d6 3. Bg2 g6 4. e3 Bg7 5. Ne2 0-0 6. 0-0 Nc6 7. b3 d5 8. Bb2 Re8 9. c4 e6 10. Nbc3 a6 11. Nf4 Qd6 12. cxd5 exd5 13. Nfxd5 Ne7 14. Nf4 g5 15. Nd3 Ned5 16. Nxd5 Nxd5 17. e4 Nb4 18. e5 Qe7 19. Ba3 a5 20. Qd2 c5 21. Nxc5 Bxe5 22. dxe5 Qxc5 23. Qxg5+ Kh8 24. Rac1 Qxe5 25. Qxe5+ Rxe5 26. Bb2 f6 27. Bxe5 fxe5 28. Rc7 Nc6 29. Bxc6 bxc6 30. Rxc6 Bh3 31. Rfc1 e4 32. Rh6 Bg4 33. h3 Bf5 34. Rh5 Bg6 35. Re5 a4 36. b4 Rb8 37. a3 Rd8 38. Re7 Kg8 39. Ra7 Be8 40. Rac7 Rd3 41. R7c3 Rd2 42. Re1 Rd4 43. f4 Bb5 44. Kf2 Rd2+ 45. Kg1 Be2 46. Rxe2 Rxe2 47. Kf1 Rh2 48. h4 Rh1+ 49. Kf2 Ra1 50. Ke3 Re1+ 51. Kd4 Kf7 52. Re3 Rb1 53. Kxe4 Kf6 54. g4 Rg1 55. Kf3 Rf1+ 56. Kg2 Rxf4 57. Rf3 1-0

[Event "Karl Mala Memorial op-B 17th"]
[Site "Frankfurt"]
[Date "2014.08.02"]
[Round "4"]
[White "Sevall, Jacob Cameron"]
[Black "Reinecke, Alexander"]
[Result "1-0"]
[WhiteElo "1407"]
[BlackElo "969"]
[PlyCount "115"]
[EventDate "2014.07.31"]
[EventType "swiss"]
[EventRounds "7"]
[EventCountry "GER"]
[SourceTitle "EXT 2015"]
[Source "ChessBase"]
[SourceDate "2014.11.20"]
[SourceVersion "1"]
[SourceVersionDate "2014.11.20"]
[SourceQuality "1"]

1. e4 c5 2. Nf3 d6 3. d4 cxd4 4. Nxd4 Nf6 5. Nc3 g6 6. Bc4 Bg7 7. 0-0 0-0 8. h3 Nc6 9. Nf3 Bd7 10. Re1 Rc8 11. Bg5 Na5 12. Bd3 Nc6 13. Qd2 b6 14. Bh6 e5 15. Ba6 Ra8 16. Bxg7 Kxg7 17. Qxd6 Ne8 18. Qd2 Nd4 19. Nxd4 exd4 20. Qxd4+ Kg8 21. Rad1 Nc7 22. Bb7 Rb8 23. Qxd7 Qxd7 24. Rxd7 Rxb7 25. Nd5 Rc8 26. Nxc7 Rcxc7 27. Rxc7 Rxc7 28. c3 Kg7 29. Rd1 Kf6 30. f3 Ke5 31. Rd5+ Ke6 32. Kf2 f5 33. Ke3 fxe4 34. fxe4 Rc4 35. Rd4 Rc5 36. Rd8 Ke5 37. Rh8 Rc4 38. Re8+ Kd6 39. Kd3 Kc5 40. b4+ Kb5 41. Re5+ Rc5 42. bxc5 bxc5 43. Re7 c4+ 44. Kd4 h5 45. Rxa7 g5 46. Rg7 g4 47. hxg4 hxg4 48. e5 Kc6 49. e6 Kd6 50. e7 Kd7 51. a4 g3 52. a5 Ke8 53. a6 Kd7 54. a7 Ke8 55. a8Q+ Kd7 56. e8B+ Ke6 57. Qd5+ Kf6 58. Qe5# 1-0

[Event "Karl Mala Memorial op-B 17th"]
[Site "Frankfurt"]
[Date "2014.08.01"]
[Round "3"]
[White "Lehmann, Gerit"]
[Black "Sevall, Jacob Cameron"]
[Result "1-0"]
[WhiteElo "1675"]
[BlackElo "1407"]
[PlyCount "121"]
[EventDate "2014.07.31"]
[EventType "swiss"]
[EventRounds "7"]
[EventCountry "GER"]
[SourceTitle "EXT 2015"]
[Source "ChessBase"]
[SourceDate "2014.11.20"]
[SourceVersion "1"]
[SourceVersionDate "2014.11.20"]
[SourceQuality "1"]

1. d4 d5 2. c4 e6 3. Nc3 Nf6 4. Bf4 c6 5. e3 Nbd7 6. h3 Bb4 7. Qb3 Qa5 8. Rc1 g5 9. Bh2 c5 10. Nf3 Ne4 11. a3 Bxc3+ 12. bxc3 b5 13. cxb5 0-0 14. Ne5 Nxe5 15. Bxe5 f6 16. Bh2 Bb7 17. f3 e5 18. fxe4 exd4 19. exd4 Rae8 20. e5 Qb6 21. Qd1 fxe5 22. Bxe5 cxd4 23. Qxd4 Qf6 24. Kd2 Rxe5 25. Be2 Qe7 26. Rhe1 Re8 27. Qf2 Qxa3 28. Bd3 Rxe1 29. Rxe1 Qb2+ 30. Bc2 Rxe1 31. Qxe1 Qxb5 32. Qe6+ Kf8 33. Qf6+ Ke8 34. Qh8+ Kd7 35. Qxh7+ Kc6 36. Qg6+ Kc7 37. Qxg5 Ba6 38. Qe5+ Kb6 39. Qd6+ Ka5 40. Qb4+ Qxb4 41. cxb4+ Kxb4 42. h4 Bc8 43. h5 Be6 44. h6 Bg8 45. h7 Bxh7 46. Bxh7 Kc5 47. Bf5 Kd4 48. g4 Ke5 49. Ke3 a5 50. Bc2 Kf6 51. Kf4 d4 52. g5+ Kf7 53. Kf5 Kg7 54. g6 a4 55. Bxa4 d3 56. Bd1 d2 57. Bb3 Kh8 58. Bd1 Kg7 59. Kg5 Kh8 60. Kf6 Kg8 61. Bb3+ 1-0